Pour un modele francais du socialisme

محفوظ في:
التفاصيل البيبلوغرافية
المؤلف الرئيسي: Garaudy, Roger
التنسيق: كتاب
اللغة:Undetermined
منشور في: Paris Gallimard 1968
الموضوعات:
الوسوم: إضافة وسم
لا توجد وسوم, كن أول من يضع وسما على هذه التسجيلة!
Thư viện lưu trữ: Trung tâm Học liệu Trường Đại học Cần Thơ
LEADER 00513nam a2200193Ia 4500
001 CTU_80345
008 210402s9999 xx 000 0 und d
082 |a 335.4 
082 |b G212 
100 |a Garaudy, Roger 
245 0 |a Pour un modele francais du socialisme 
245 0 |c Roger Garaudy 
260 |a Paris 
260 |b Gallimard 
260 |c 1968 
650 |a Communism,Communism and religion 
650 |z France 
904 |i Trọng Hải 
980 |a Trung tâm Học liệu Trường Đại học Cần Thơ